MARC details
| 000 -LEADER |
| fixed length control field |
04047cam a2200409Mi 4500 |
| 003 - CONTROL NUMBER IDENTIFIER |
| control field |
URS |
| 005 - DATE AND TIME OF LATEST TRANSACTION |
| control field |
20221125082335.0 |
| 006 - FIXED-LENGTH DATA ELEMENTS--ADDITIONAL MATERIAL CHARACTERISTICS |
| fixed length control field |
m d |
| 008 - FIXED-LENGTH DATA ELEMENTS--GENERAL INFORMATION |
| fixed length control field |
220211t20212021onca ob 001 0 eng d |
| 040 ## - CATALOGING SOURCE |
| Original cataloging agency |
VT2 |
| Language of cataloging |
eng |
| Transcribing agency |
VT2 |
| Modifying agency |
JSTOR |
| -- |
OCLCF |
| Transcribing agency |
|
| 020 ## - INTERNATIONAL STANDARD BOOK NUMBER |
| International Standard Book Number |
9781487508647 |
| Qualifying information |
(cloth) |
| 020 ## - INTERNATIONAL STANDARD BOOK NUMBER |
| International Standard Book Number |
1487508646 |
| Qualifying information |
(cloth) |
| 020 ## - INTERNATIONAL STANDARD BOOK NUMBER |
| International Standard Book Number |
9781487541392 |
| Qualifying information |
(electronic bk.) |
| 020 ## - INTERNATIONAL STANDARD BOOK NUMBER |
| International Standard Book Number |
1487541392 |
| Qualifying information |
(electronic bk.) |
| 020 ## - INTERNATIONAL STANDARD BOOK NUMBER |
| Canceled/invalid ISBN |
9781487538675 |
| Qualifying information |
(ebook) |
| 020 ## - INTERNATIONAL STANDARD BOOK NUMBER |
| Canceled/invalid ISBN |
1487538677 |
| Qualifying information |
(ebook) |
| 050 #4 - LIBRARY OF CONGRESS CALL NUMBER |
| Classification number |
HV640.4.C3 |
| 055 #0 - CLASSIFICATION NUMBERS ASSIGNED IN CANADA |
| Classification number |
HV640.4.C3 |
| Item number |
R438 2021 |
| 245 00 - TITLE STATEMENT |
| Title |
Refugee states |
| Medium |
[electronic resource] : |
| Remainder of title |
critical refugee studies in Canada / |
| Statement of responsibility, etc. |
edited by Vinh Nguyen and Thy Phu. |
| 260 ## - PUBLICATION, DISTRIBUTION, ETC. |
| Place of publication, distribution, etc. |
Toronto, Ontario ; |
| -- |
Buffalo, New York ; |
| -- |
London, England : |
| Name of publisher, distributor, etc. |
University of Toronto Press, |
| Date of publication, distribution, etc. |
[2021] |
| 300 ## - PHYSICAL DESCRIPTION |
| Extent |
1 online resource (vi, 236 pages :) |
| Other physical details |
illustrations. |
| 490 1# - SERIES STATEMENT |
| Series statement |
Cultural spaces |
| 504 ## - BIBLIOGRAPHY, ETC. NOTE |
| Bibliography, etc. note |
Includes bibliographical references and index. |
| 505 00 - FORMATTED CONTENTS NOTE |
| Miscellaneous information |
Introduction: |
| Title |
Critical Refugee Status in Canada / |
| Statement of responsibility |
Vinh Nguyen and Thy Phu -- |
| Miscellaneous information |
Part One: |
| Title |
Historicization -- |
| -- |
tShifting Grounds of Asylum in Canadian Public Discourse and Policy / |
| Statement of responsibility |
Johanna Reynolds and Jennifer Hyndman -- |
| Title |
Untangling the Strands of Memory: Historicizing the 1914 Komagata Maru Incident and the Concept of Refugeeness / |
| Statement of responsibility |
Alia Somani -- |
| Title |
Erasing Exclusion: Adrienne Clarkson and the Promise of the Refugee Experience / |
| Statement of responsibility |
Laura Madokoro -- |
| Title |
Petitions and Protest: Refugees and the Haunting of Canadian Citizenship / |
| Statement of responsibility |
Peter Nyers -- |
| Miscellaneous information |
Part Two: |
| Title |
Conjunctions -- |
| -- |
Where Are We From? Decolonizing Indigenous and Refugee Relations / Jennifer Adese and Malissa Phung -- |
| -- |
Queer and Trans Migrants, Colonial Logics, and the Politics of Refusal / |
| Statement of responsibility |
Edward Ou Jin Lee -- |
| Title |
Producing the Figure of the "Super-Refugee" through Discourses of Success, Exceptionalism, Ableism, and Inspiration / |
| Statement of responsibility |
Gada Mahrouse -- |
| Title |
Cross-Racial Refugee Fiction: Dionne Brand's What We All Long For / |
| Statement of responsibility |
Donald Goellnicht -- |
| Miscellaneous information |
Epilogue: The Exceptional and the Ordinary / |
| Statement of responsibility |
Thy Phu and Vinh Nguyen. |
| 520 ## - SUMMARY, ETC. |
| Summary, etc. |
"Exploring "refuge" and "refugee" as concepts that shape Canadian nation-building both within and beyond national borders, Refugee States takes an interdisciplinary and critical approach to describing how refugees articulate their relation to and defiance of official discourses. Through close examinations of refugee movements, contexts, and subjectivities, this collection reveals how Canada has relied upon the rejection and inclusion of refugees as a crucial means of statecraft. Bringing together renowned and emerging scholars from multiple disciplines, Nguyen and Phu illuminate the historical, political, and cultural conditions that produce refugees as well as the narrative of humanitarian benevolence that persists nationally and internationally. Highlighting landmark cases, the editors and contributors together develop critical refugee studies as a framework for understanding, nuancing, and critiquing the production of Canadian humanitarian exceptionalism--the international image and discourse of Canada as a liberal, tolerant, and welcoming haven for people fleeing oppression, persecution, and unfreedom. In doing so, Refugee States offers alternative modes of understanding past and present refugee passages to and within Canada, and brings to light the many ways in which refugee subjects navigate displacement, migration, and resettlement."-- |
| Assigning source |
Provided by publisher. |
| 590 ## - LOCAL NOTE (RLIN) |
| Local note |
JSTOR |
| Provenance (VM) [OBSOLETE] |
Books at JSTOR Open Access |
| 650 #0 - SUBJECT ADDED ENTRY--TOPICAL TERM |
| Topical term or geographic name entry element |
Refugees |
| Geographic subdivision |
Canada. |
| 650 #7 - SUBJECT ADDED ENTRY--TOPICAL TERM |
| Topical term or geographic name entry element |
Refugees. |
| Source of heading or term |
fast |
| Authority record control number or standard number |
(OCoLC)fst01092797 |
| 651 #7 - SUBJECT ADDED ENTRY--GEOGRAPHIC NAME |
| Geographic name |
Canada. |
| Source of heading or term |
fast |
| Authority record control number or standard number |
(OCoLC)fst01204310 |
| 700 1# - ADDED ENTRY--PERSONAL NAME |
| Personal name |
Nguyen, Vinh |
| Titles and other words associated with a name |
(Associate professor) |
| Authority record control number or standard number |
http://id.loc.gov/authorities/names/no2021026605 |
| 700 1# - ADDED ENTRY--PERSONAL NAME |
| Personal name |
Phu, Thy, |
| Dates associated with a name |
1975- |
| Authority record control number or standard number |
http://id.loc.gov/authorities/names/n2011074371 |
| 830 #0 - SERIES ADDED ENTRY--UNIFORM TITLE |
| Uniform title |
Cultural spaces. |
| Authority record control number or standard number |
http://id.loc.gov/authorities/names/no2004059693 |
| 856 40 - ELECTRONIC LOCATION AND ACCESS |
| Uniform Resource Identifier |
<a href="https://www.jstor.org/stable/10.3138/j.ctv2sm3b5v">https://www.jstor.org/stable/10.3138/j.ctv2sm3b5v</a> |
| 887 ## - NON-MARC INFORMATION FIELD |
| Content of non-MARC field |
HV640.4.C2R44 2021 |
| 942 ## - ADDED ENTRY ELEMENTS (KOHA) |
| Source of classification or shelving scheme |
Library of Congress Classification |
| Koha item type |
E-Book |
| 994 ## - |
| -- |
92 |
| -- |
PHURS |